| 000 | 00915nam0a22002531 4500 | ||
|---|---|---|---|
| 001 | rc\3017713 | ||
| 005 | 20250806205624.0 | ||
| 035 | _a(NLR Aleph) 007159937 | ||
| 090 |
_a19860 _c19860 |
||
| 100 | _a20110927d1941 u y0rusy50 ca | ||
| 101 | 0 | _arus | |
| 102 | _aRU | ||
| 105 | _ay z ||||| | ||
| 200 | 1 |
_aИнструкция по движению поездов на железных дорогах СССР _fССССР. Нар. ком. путей сообщения |
|
| 210 |
_aМосква _cТрансжелдориздат _d1941 |
||
| 215 |
_a116 с. _d15 см |
||
| 712 | 0 | 1 |
_aСССР _bНародный комиссариат путей сообщения _3RU\NLR\AUTH\8810086735 _4570 |
| 801 | 0 |
_aRU _bNLR _gpsbo |
|
| 801 | 1 |
_aRU _bELAR _2rusmarc |
|
| 852 |
_aNLR _jТ88 Г-1/9 |
||
| 942 | _cBOOK | ||
| 945 | _aРоссийская национальная библиотека | ||
| 980 | _aNB | ||
| 980 | _aBV | ||